EA FC26 FC Pro - Statistics

General Stats
  • This quiz has been taken 4 times
  • The average score is 6 of 24
Answer Stats
Rate Club Nation Answer % Correct
87 Chelsea Argentina Alejandro Garnacho
100%
88 Al Hilal Uruguay Darwin Nunez
100%
87 PSG Spain Fabian Ruiz
67%
87 Newcastle Italy Sandro Tonali
67%
85 Napoli Scotland Billy Gilmour
33%
87 Juventus Brazil Bremer
33%
86 Leeds Wales Daniel James
33%
86 Liverpool Italy Federico Chiesa
33%
86 Ettifaq Netherlands Georginio Wijnaldum
33%
86 Lazio Portugal Nuno Tavares
33%
87 Lille France Olivier Giroud
33%
86 Man City Brazil Savinho
33%
85 NYCFC Brazil Thiago
33%
85 Neom Egypt Ahmed Hegazi
0%
85 NYRB Cameroon Eric Choupo-Moting
0%
86 Hamburg Portugal Fabio Vieira
0%
85 Gladbach France Franck Honorat
0%
85 Monaco Netherlands Jordan Teze
0%
86 Man United Netherlands Joshua Zirkzee
0%
87 Leipzig Germany Lukas Klostermann
0%
87 Freiburg Germany Matthias Ginter
0%
86 Clermont Foot Belgium Maximiliano Caufriez
0%
87 AS Roma Italy Stephan El Shaarawy
0%
86 Leipzig Germany Timo Werner
0%
No matching quizzes found
Score Distribution
Percent of People with Each Score
Percentile by Number Answered
Your Score History
You have not taken this quiz